000 00843nam a22003017a 4500
001 00581
003 DO-SdBPM
005 20250722133313.0
007 ta
008 160623b2010 ag |0| 0 spa d
020 _a9789870413493
040 _aDO-SdBPM
_bspa
_cBPMSU
_erda
082 4 _aA863.6
_bR744h 2010
_222
100 1 _aRoldán, Elisa
_d1948-
_eautor
245 1 0 _aHeredera de un secreto /
_cElisa Roldán
250 _a2a ed.
264 _aArgentina :
_bAlfaguara,
_c2010.
300 _a196 páginas :
_c22 cm.
336 _atexto
_btxt
_2rdacontent
337 _asin mediación
_bn
_2rdamedia
338 _avolumen
_bnc
_2rdacarrier
490 0 _aAlfaguara ;
_aRoja
590 _aInventariado, 2025/VM
650 7 _aNovela argentina
650 7 _aFamilia
_vNovela
910 _aVMateo V. Control de calidad. BPMSU
942 _2ddc
_cBK
999 _c10542
_d10542